| 000 | 00731nam a2200217 4500 | ||
|---|---|---|---|
| 005 | 20230913155351.0 | ||
| 010 | _aENG-138041 | ||
| 020 |
_c450.00 _a9789390670246 |
||
| 035 | _aEN-121573 | ||
| 037 | _bDBAD/PUB | ||
| 082 | _a881 | ||
| 245 |
_aEmerging Horizons/ _cBy Ravi Ranganathan,Dr Parneet Jaggi & Dr Jernail Singh Anand _hENGLISH |
||
| 260 |
_aHaryana _bEarth Vision Publications _c2021 |
||
| 270 |
_bGurugram _aH-23/16,DLF Phase-I |
||
| 300 |
_a67p _c22cm(pbk) |
||
| 500 | _aAn Anthology Of English Poetry | ||
| 700 |
_aRanganathan Ravi _eEditor _956532 |
||
| 700 |
_aJaggi Parneet _eManaging Editor _956533 |
||
| 700 |
_aSingh Anand Jernail _eChief Editor _956534 |
||
| 942 |
_2ddc _cEN _h881 _mEME |
||
| 999 |
_c198065 _d198065 |
||